000 01053 a2200241 4500
003 NUST
005 20221224114734.0
010 _a 97004412
020 _a0844409502 (pbk.)
040 _cNust
082 0 0 _a355.02,CLA
100 1 _aHoward, Michael Eliot,
_9105799
245 1 0 _aOn war :
_bEdited with an introduction by Anatol rapoprt /
_cCarl Von Clausewitz
246 3 0 _aOn war
260 _aWashington :
_bLibrary of Congress,
_c1968
300 _a22 p. ;
_c23 cm.
440 2 _aA Bradley lecture series publication
_9105800
505 _aPreface to the Pelican Edition (Page-9), Introduction by Anatol Rapoport (Page-11), On War (Page-83), Book one – On The Nature of War (Page-101), Book Two – On The Theory of War (Page-171), Book Three – Of Strategy in General (Page-241), Book Four- The Combat (Page-301), Sketches for book Eight – Plan of War (Page-365).
600 1 0 _aClausewitz, Carl von,
_d1780-1831.
_tVom Kriege.
_9105801
650 0 _aMilitary art and science.
_937914
650 0 _aWar.
942 _2ddc
_cBK
_k355.02,CLA
999 _c185164
_d185164